Responses for Show #8501 - Monday, November 1, 2021

Tyler Rhode game 4.

Contestants

[<< previous game]

Carrie Bruner, a library media specialist from Glen Allen, Virginia

Mike Norris, a researcher and writer from Beverly, Massachusetts

Tyler Rhode, a healthcare data specialist from New York, New York (whose 3-day cash winnings total $58,301)

[next game >>]

Jeopardy! Round responses

KANSAS CITY: NEWS CLUES
(Mayim: These will be presented by the Kansas City Fox 4 news team.)
MISMATCHED PAIRS
TRIPLE ALLITERATION
THE MAN'S PEN NAME
ANATOMY CLASS
TV CATCHPHRASES
(Mayim: You will name the show that made each one famous.)
    $200 2
World War I

Mike
    $200 1
Shark Tank gas tank

Mike
    $200 28
tic-tac-toe

Mike
    $200 30
Ben Franklin

Mike
    $200 20
(Mike: What are the ears?)

the lungs

MikeCarrie
    $200 18
The X-Files

Carrie
    $400 3
Truman

Carrie
    $400 26
Mardi Gras & foie gras

Mike
    $400 27
the World Wide Web

Tyler
    $400 29
Lewis Carroll

Triple Stumper
    $400 17
the eyes

Carrie
    $400 16
How I Met Your Mother

Carrie
    $600 7
Amelia Earhart

Carrie
    $600 23
Little Rock & Fraggle Rock

Mike
    $600 11
double dog dare

Tyler
    $600 19
L. Frank Baum

Mike
    $600 10
muscle

Carrie
    $600 8
Rick and Morty

Tyler
    $800 24
Hallmark

Tyler
    $800 14
big top & "Rocky Top"

Carrie
    $800 12
great-great-granddaughter

Mike
    $800 21
C.S. Lewis

Mike
    $800 6
an axon

Mike
    $800 4
Mission: Impossible

Tyler
    $1000 25
(Mayim: Our thanks to Kansas City's Fox 4 news team for those clues.)

the Monarchs

Triple Stumper
    $1000 13
Isaac & Thandiwe Newton

Tyler
    $2,000 15
(Carrie: What is...)

Better Business Bureau

Carrie
    $1000 22
Washington Irving

Tyler
    $1000 9
the ulna

Tyler
    $1000 5
In Living Color

Carrie

Scores at the first commercial break (after clue 15):

Tyler Mike Carrie
$4,000 $2,000 $1,400

Scores at the end of the Jeopardy! Round:

Tyler Mike Carrie
$6,200 $4,600 $2,600

Double Jeopardy! Round responses

ONCE UPON A NOVEMBER
LET'S TAKE A TRIP
FANTASTICAL CREATURES
FAMILY IS EVERYTHING
MOVIES BY CHARACTERS
2 WORDS, 2 SYLLABLES EACH
    $400 26
Lyndon Baines Johnson

Tyler
    $400 25
(Mayim: We have less than a minute.)

Utah

Triple Stumper
    $400 30
Poseidon

Tyler
    $400 15
a tuba

Carrie
    $400 8
Boogie Nights

Carrie
    $400 10
a silver lining

Mike
    $800 27
(Tyler: What is the Erie Canal?)
(Carrie: What's the Panama Canal?)

the Suez Canal

TylerCarrie
Triple Stumper
    $800 22
volcanoes

Tyler
    $800 9
Gargantua

Mike
    $800 20
snail

Carrie
    $800 7
[Laughter]

M*A*S*H

Tyler
    $800 11
Father Christmas

Carrie
    $1200 19
(Richard) Byrd

Mike
    $1200 18
(Mike: What is Beijing?)

Shanghai

MikeCarrie
    $1200 3
"The Fly"

Triple Stumper
    $2,000 17
(Carrie: I don't know.)

the Brahmins

Carrie
    $1200 4
(Mike: What is M*A*S*H?)

Dr. Strangelove

TylerMike
    $5,000 13
(Mike: What is... oh...)

a people person

Mike
    $1600 28
Ethiopia

Mike
    $1600 23
Winnipeg

Triple Stumper
    $1600 1
Scylla

Tyler
    $1600 16
(Carrie: What is Baltimore?)

the Calverts

Carrie
Triple Stumper
    $1600 5
Reservoir Dogs

Tyler
    $1600 12
morning sickness

Mike
    $2000 29
(Tyler: What is the Commodore Bridge?)

the Mackinac Bridge

Tyler
Triple Stumper
    $2000 24
Brittany

Mike
    $2000 2
a golem

Tyler
    $2000 21
(Carrie: Who are the Borgias?)

the Medici

TylerCarrie
    $2000 6
The Bad News Bears

Tyler
    $2000 14
the Vicious Circle

Triple Stumper

Scores at the end of the Double Jeopardy! Round:

Tyler Mike Carrie
$16,200 $4,800 -$200
(lock game)

[wagering suggestions for these scores]

Final Jeopardy! Round responses

1960s HISTORY
(Mayim: [To Mike] The impact site of the [*] lunar module after it was jettisoned by the command module was never located.)
MikeWhat is Eagle?
$2,000
TylerWhat is The Eagle?
$3,800
Eagle

Final scores:

Tyler Mike Carrie
$20,000 $6,800 -$200
4-day champion: $78,301 2nd place: $2,000 3rd place: $1,000

Game dynamics:

Coryat scores:

Tyler Mike Carrie
$16,200 $9,800 $3,800
18 R,
2 W
16 R,
4 W
(including 1 DD)
14 R,
5 W
(including 2 DDs)

Combined Coryat: $29,800

[game clues] [game scores] [suggest correction]

Game tape date: 2021-09-24
The J! Archive is created by fans, for fans. Scraping, republication, monetization, and malicious use prohibited; this site may use cookies and collect identifying information. See terms. The Jeopardy! game show and all elements thereof, including but not limited to copyright and trademark thereto, are the property of Jeopardy Productions, Inc. and are protected under law. This website is not affiliated with, sponsored by, or operated by Jeopardy Productions, Inc. Join the discussion at JBoard.tv.